| 000 | 00922nam a22003015a 4500 | ||
|---|---|---|---|
| 001 | 016030309 | ||
| 003 | OSt | ||
| 005 | 20201128021024.0 | ||
| 008 | 120207t2013 us a fra 001 0 eng d | ||
| 020 | _a9780273769132 (pbk.) | ||
| 020 | _a0273769138 (pbk.) | ||
| 040 |
_aEG-ScBuE _beng _cEG-ScBuE |
||
| 082 | 0 | 4 |
_a620.00151 _bSMI _222 |
| 100 | 1 |
_aSmith, David M., _d1942- _934968 |
|
| 245 | 1 | 0 |
_aEngineering computation with MATLAB / _cDavid M. Smith. |
| 250 | _a3rd ed., International ed. | ||
| 260 |
_aHarlow : _bPearson Education Limited, _cc.2013. |
||
| 300 |
_a(Various pagings) : _bill. ; _c24 cm. |
||
| 500 | _aIncludes index. | ||
| 500 | _aIncludes appendix. | ||
| 590 | _ayassmeen ashraf | ||
| 630 | 0 | 0 |
_aMATLAB _9826 |
| 650 | 0 |
_aEngineering mathematics _xData processing _923898 _2BUEsh |
|
| 651 | _2BUEsh | ||
| 653 |
_bENGGEN _cAugust2015 |
||
| 655 |
_vreading book _934232 |
||
| 942 |
_2ddc _k620.00151 SMI |
||
| 999 |
_c17982 _d17954 |
||